<?xml version="1.0" encoding="UTF-8"?>
<record
    xmlns:xsi="http://www.w3.org/2001/XMLSchema-instance"
    xsi:schemaLocation="http://www.loc.gov/MARC21/slim http://www.loc.gov/standards/marcxml/schema/MARC21slim.xsd"
    xmlns="http://www.loc.gov/MARC21/slim">

  <leader>02281nam a22002897a 4500</leader>
  <datafield tag="999" ind1=" " ind2=" ">
    <subfield code="c">21999</subfield>
    <subfield code="d">21999</subfield>
  </datafield>
  <controlfield tag="003">AR-CdUCM</controlfield>
  <controlfield tag="008">190425b           ||||| |||| 00| 0 spa d</controlfield>
  <datafield tag="040" ind1=" " ind2=" ">
    <subfield code="a">MUNICIPALIDAD PROVINCIAL DEL CUSCO</subfield>
    <subfield code="c">BIBLIOTECA MUNICIPAL DEL CUSCO</subfield>
  </datafield>
  <datafield tag="082" ind1=" " ind2=" ">
    <subfield code="a">Saqsaywaman/N&#xB0;9/2009</subfield>
  </datafield>
  <datafield tag="110" ind1=" " ind2=" ">
    <subfield code="a">Instituto Nacional de Cultura Region Cusco</subfield>
    <subfield code="9">29198</subfield>
  </datafield>
  <datafield tag="245" ind1=" " ind2=" ">
    <subfield code="a">Revista Saqsaywaman :</subfield>
    <subfield code="c">Instituto Nacional de Cultura Region Cusco.</subfield>
  </datafield>
  <datafield tag="260" ind1=" " ind2=" ">
    <subfield code="a">Arequipa.</subfield>
    <subfield code="b">INC,</subfield>
    <subfield code="b">Arguedas,</subfield>
    <subfield code="c">2009.</subfield>
  </datafield>
  <datafield tag="300" ind1=" " ind2=" ">
    <subfield code="a">259 p&#xE1;ginas. :</subfield>
    <subfield code="b">ilustraciones ;</subfield>
    <subfield code="c">21 cm.</subfield>
  </datafield>
  <datafield tag="440" ind1=" " ind2=" ">
    <subfield code="a">Revista Saqsaywaman.</subfield>
    <subfield code="n">N&#xB0;9, 2009</subfield>
    <subfield code="9">47111</subfield>
  </datafield>
  <datafield tag="505" ind1=" " ind2=" ">
    <subfield code="a">Contenido: Urpicancha un sitio arqueol&#xF3;gico Inca en el Valle de Lucre. -- Ernesto Garc&#xED;a Calder&#xF3;n. -- Ocupaci&#xF3;n del periodo intermedio tard&#xED;o (K&#x2019;illke) de Qallaqasa (P&#x2019;isaq). Arminda Gibaja Oviedo. -- Investigaci&#xF3;n arqueol&#xF3;gica en Salonniyoq Templo de la Luna. Jorge Guill&#xE9;n. -- Investigaci&#xF3;n arqueol&#xF3;gica sector Wayraqpunku Qowiqarana huaca Pachakuti. Ismael Uscachi Santos. -- Introducci&#xF3;n al an&#xE1;lisis arqueol&#xF3;gico caso conjunto arqueol&#xF3;gico de Salapunku  MAPI. Francisco Huarcaya Quispe. -- Exploraciones arqueol&#xF3;gicas en Choquecancha. Carmen Alicia Pilares Calero. -- Investigaciones arqueol&#xF3;gicas en Lucerinas. Domingo Farf&#xE1;n Acu&#xF1;a. -- Investigaci&#xF3;n arqueol&#xF3;gica de la zona de Mauk&#x2019;allaqta. Jos&#xE9; Pilares Daza. -- Identificaci&#xF3;n, catastro y evaluaci&#xF3;n del Sistema Vial Prehisp&#xE1;nica troncal al Chinchaysuyu Qaphaq &#xD1;an Anta. Lorena &#xC1;lvarez Saavedra. -- Rescate muro fino de la Plaza de Limacpampa. Patricia Benavente Garc&#xED;a. -- Tecnolog&#xED;a Inka en metalurgia por Danilo Pallardel Moscoso. -- Continuidad de la tecnolog&#xED;a Inka en la metalurgia del distrito de San Pablo Cusco. Joan B. Guillen Pantigozo. -- Cer&#xE1;mica colonial. Irwin Antonio Ferr&#xE1;ndiz Castro.</subfield>
  </datafield>
  <datafield tag="650" ind1=" " ind2=" ">
    <subfield code="a">Arqueolog&#xED;a cusque&#xF1;a</subfield>
    <subfield code="9">9322</subfield>
  </datafield>
  <datafield tag="650" ind1=" " ind2=" ">
    <subfield code="a">Historia del Cusco</subfield>
    <subfield code="9">1714</subfield>
  </datafield>
  <datafield tag="650" ind1=" " ind2=" ">
    <subfield code="a">Inkas</subfield>
    <subfield code="9">1899</subfield>
  </datafield>
  <datafield tag="650" ind1=" " ind2=" ">
    <subfield code="a">Monumentos hist&#xF3;ricos</subfield>
    <subfield code="9">6891</subfield>
  </datafield>
  <datafield tag="700" ind1=" " ind2=" ">
    <subfield code="a">Garc&#xED;a Calder&#xF3;n, Ernesto</subfield>
    <subfield code="9">47112</subfield>
  </datafield>
  <datafield tag="700" ind1=" " ind2=" ">
    <subfield code="a">Gibaja Oviedo, Arminda</subfield>
    <subfield code="9">29271</subfield>
  </datafield>
  <datafield tag="700" ind1=" " ind2=" ">
    <subfield code="a">Ferr&#xE1;ndiz Castro, Antonio</subfield>
    <subfield code="9">44141</subfield>
  </datafield>
  <datafield tag="856" ind1=" " ind2=" ">
    <subfield code="u">http://bvirtual.culturacusco.gob.pe/items/show/111</subfield>
    <subfield code="z">Leer en digital</subfield>
  </datafield>
  <datafield tag="942" ind1=" " ind2=" ">
    <subfield code="2">ddc</subfield>
    <subfield code="c">PP</subfield>
  </datafield>
  <datafield tag="945" ind1=" " ind2=" ">
    <subfield code="a">rac</subfield>
  </datafield>
  <datafield tag="952" ind1=" " ind2=" ">
    <subfield code="0">0</subfield>
    <subfield code="2">ddc</subfield>
    <subfield code="4">0</subfield>
    <subfield code="7">0</subfield>
    <subfield code="a">HEM</subfield>
    <subfield code="b">HEM</subfield>
    <subfield code="c">CART</subfield>
    <subfield code="d">2022-02-03</subfield>
    <subfield code="g">10.00</subfield>
    <subfield code="o">Saqsaywaman/N&#xB0;9/2009</subfield>
    <subfield code="p">REVC000521</subfield>
    <subfield code="r">2022-02-03</subfield>
    <subfield code="y">PP</subfield>
  </datafield>
  <datafield tag="952" ind1=" " ind2=" ">
    <subfield code="0">0</subfield>
    <subfield code="2">ddc</subfield>
    <subfield code="4">0</subfield>
    <subfield code="7">0</subfield>
    <subfield code="a">HEM</subfield>
    <subfield code="b">HEM</subfield>
    <subfield code="c">CART</subfield>
    <subfield code="d">2022-02-03</subfield>
    <subfield code="g">10.00</subfield>
    <subfield code="o">Saqsaywaman/N&#xB0;9/2009/e.2</subfield>
    <subfield code="p">REVC000522</subfield>
    <subfield code="r">2022-02-03</subfield>
    <subfield code="y">PP</subfield>
  </datafield>
</record>
